00457cam a2200157ua 45000010005000000080039000050400009000440820017000531000038000702450051001082500009001592600075001683000022002436530013002656530021002782451110817n ii |||gr||||Z||||||eng cMAIN a394.26954162 aGoswami, Praphulladatta,eAuthor.1 aFestivals of assam cby Praphulladatta Goswami a1st. aGuahati:bAnundoram borooah institute of language, art & culture ,995. a84p:bill;c23cm. aFolklore aAssamese culture